000 00369nam a22001577a 4500
005 20160625092230.0
008 160625b xxu||||| |||| 00| 0 eng d
041 _aeng
082 _b9885
100 _aWultemeyer, K. Tin
_92697
245 _aBeginning Radio TV News writing
260 _bSurjeet
300 _a104
650 _aMass Communication
_92660
942 _cBK
999 _c3884
_d3883